00327cam a22000977a 4500008004000000082001300040100004300053245010300096260002100199300000900220180718b1975 xxu||||| |||| 00| 0 eng d aT42 C737 aCommission of the European Communities aParticipation by banks in other branches of the economycby Commission of the European Communities aBrusselsbc1975 a190p